Films dont le titre commence par un D (1) Version facile - Statistiques

Statistiques générales
  • Ce quiz a été pris 8 fois
  • Le résultat moyen est 11 sur 30
Statistiques - réponses
Année Réalisateur Genre 1 acteur ou
1 actrice
Titre Indice facile % Correct
1977 D. Kurys Comédie Yves Rénier Diabolo menthe *
75%
1961 B. Edwards Comédie Audrey Hepburn Diamants sur canapé canapé
75%
1965 D. Lean Drame Omar Sharif Docteur Jivago *
75%
1982 J. Yanne Comédie Coluche Deux heures moins le quart avant Jésus Christ heures
63%
1985 J. Glen Espionnage Roger Moore Dangereusement vôtre *
50%
1983 A. Wajda Historique Gérard Depardieu Danton *
50%
1970 J. Giovanni Policier Lino Ventura Dernier domicile connu connu
50%
1981 J-J Benneix Comédie dramatique Richard Bohringer Diva *
50%
1964 S. Kubrick Comédie Peter Sellers Docteur Folamour *
50%
1961 C. Gallone Comédie Fernandel Don Camillo Monseigneur Monseigneur
50%
1975 Y. Boisset Drame Jean Carmet Dupont Lajoie *
50%
1970 B. G. Hutton Aventures Clint Eastwood De l'or pour les braves or
38%
1973 J. Giovanni Policier Jean Gabin Deux hommes dans la ville ville
38%
1974 P. Collinson Policier Orson Welles Dix petits nègres Dix
38%
1976 J-L Bertuccelli Comédie dramatique Annie Girardot Docteur Françoise Gailland Docteur
38%
1963 N. Howard Aventures Johnny Hallyday D'où viens tu Johnny ? viens
38%
1968 J. Boorman Guerre Lee Marvin Duel dans le Pacifique Pacifique
38%
1972 J. Boorman Drame Burt Reynolds Délivrance *
25%
1986 M. Golan Aventures Chuck Norris Delta Force *
25%
1936 F. Borzage Comédie dramatique Marlène Dietrich Désir -
25%
1961 P. Germi Comédie Marcello Mastroianni Divorce à l'italienne italienne
25%
1941 V. Fleming Fantastique Spencer Tracy Dr Jekyll et Mr Hyde Dr
25%
1977 R. Scott Aventures Harvey Keitel Duellistes *
25%
1984 D. Lynch Science fiction Sean Young Dune *
25%
1987 R. Planchon Comédie Stéphane Planchon Dandin *
13%
1947 Y. Allégret Drame psychologique Simone Signoret Dédée d'Anvers Anvers
13%
1987 A. Arcady Policier Thierry Lhermitte Dernier été à Tanger été
13%
1939 L. Milestone Drame Burgess Meredith Des souris et des hommes hommes
13%
1972 C. Chabrol Drame Jean-Paul Belmondo Docteur Popaul *
13%
1965 T. Demicheli Western Guy Madison Duel à Rio Bravo Duel
0%
Aucun quiz correspondant
Distribution des résultats
% des personnes avec chaque résultat
Percentile par nombre de réponses
Votre historique - résultats
Vous n’avez pas pris ce quiz